000 02108cam a22004694i 4500
003 PE-LiUPU
005 20250731173335.0
008 150706s2007 miu r 000 0 eng d
020 _a9780802825018
035 _a(Sirsi) i9780802825018
040 _aPE-LiUPU
_bspa
_cPE-LiUPU
_erda
049 _aPRUA
082 0 4 _a225.07
_bNICNT2007
_221
100 1 _aFrance, R. T.,
_eautor.
245 1 4 _aThe gospel of Matthew /
_cR. T. France.
264 1 _aGrand Rapids, Michigan :
_bWilliam B. Eendermans,
_c2007.
300 _a1169 páginas ;
_c25 centímetros
336 _atext
_2rdacontent
337 _aunmediated
_2rdamedia
338 _avolume
_2rdacarrier
490 0 _aThe New International Commentary on the New Testament
505 0 _aThe structure of mattew -- Galilee and Jerusalem -- The matthean discourses -- Fulfillment- the "Formula-Quotations" -- Who? Where? When? How? Some broad proposals on the provenance of The "Gospel of matthew -- Comentary -- Introducing the messiah (1:1-4:11) -- From galilee to jerusalem:The messiah and his follewer prepare for the confrotation (16:21-20:34) -- Jerusalem: the messiah in confrontation wth the religious anthorities (21:1-25:46) -- Galilee: the messias nic mission is launched.
526 _aSEG42
526 _aSEG41
526 _aSEG40
526 _aSEG39
526 _aP94
526 _aP87
526 _aP86
526 _aP85
526 _aP77
526 _aP76
526 _aP35
541 _g1057695742-4939426;
630 0 4 _aBilbia.
_pN.T.
_pMateo
_xComentarios.
910 _bng
_cng
_d20090310
942 _2ddc
_cBOOK
949 _a225.07 NICNT 1 2007
_wDEWEY
_c1
_i59382
_d2016-1-10
_e2016-1-6
_lCCODEBUL1
_mBUL
_n1
_p41.00
_r0
_sY
_tBOOK
_u2015-7-6
_xTEOLOGIA
_zUNKNOWN
_0COMPRA
_o.STAFF. Colección Teología
994 _aC0
_bPEPRU
596 _a1
999 _a225.07 NICNT 1 2007
_wDEWEY
_c48978
_i59382
_d48978
_e2016-1-6
_f2021-11-9
_g5
_lCCODEBUL1
_mBUL
_n1
_p41.00
_q15
_r0
_sY
_tBOOK
_u2015-7-6
_xTEOLOGIA
_PP35
_0COMPRA
_o.STAFF. Colección Teología
980 _81
_gALBERTO SANCHEZ Responsable de Automatización